| 000 | 00520nam a2200193Ia 4500 | ||
|---|---|---|---|
| 003 | LK-CoDNM | ||
| 005 | 20241217092257.0 | ||
| 008 | 121015t1961 xxu||||| |||| 00| 0 sin d | ||
| 040 |
_aLK-CoDNM _dLK-CoDNM _eLK-CoDNM |
||
| 041 | _asin | ||
| 080 |
_a8S1 _bALA |
||
| 100 | _aNgnnavimala Himi | ||
| 245 | _aකුස ජාතකය | ||
| 246 | _aKusa Jathakaya | ||
| 260 |
_bM.D.Gunasena Samagama _aColombo 11 _c1961 |
||
| 300 | _b151p. ; ill ; 21 cm | ||
| 650 | _aපුරතණ පද්ය | ||
| 942 | _cBK | ||
| 999 |
_c75000 _d75000 |
||